The Next Step - Statistics

General Stats
  • This quiz has been taken 8 times
  • The average score is 11 of 14
Answer Stats
Answer % Correct
James
100%
Chloe
88%
Eldon
88%
Emily
88%
Kate
88%
Riley
88%
Stephanie
88%
Tiffany
88%
West
88%
Chris
75%
Giselle
75%
Michelle
75%
Noah
50%
Richelle
50%
No matching quizzes found
Score Distribution
Percent of People with Each Score
Percentile by Number Answered
Your Score History
You have not taken this quiz